[Event "Madrid-chT 1718"]
[Site "Madrid"]
[Date "2017.12.02"]
[Round "3.46"]
[White "Unciti Juan, Javier"]
[Black "Veganzonez Rojo, David"]
[Result "0-1"]
[WhiteElo "2018"]
[BlackElo "2101"]
[PlyCount "56"]
[EventDate "2017.11.19"]
[EventType "team-tourn"]
[EventRounds "14"]
[EventCountry "ESP"]
[SourceTitle "EXT 2019"]
[Source "ChessBase"]
[SourceDate "2018.10.10"]
[SourceVersion "1"]
[SourceVersionDate "2018.10.10"]
[SourceQuality "1"]
[WhiteTeam "La Casa del Ajedrez"]
[BlackTeam "Villalba 64"]
[WhiteTeamCountry "ESP"]
[BlackTeamCountry "ESP"]

1. e4 c6 2. d4 d5 3. e5 Bf5 4. c3 e6 5. Nf3 Nd7 6. Be2 Ne7 7. Be3 Bg6 8. h4 h5 9. Ng5 Nf5 10. Nd2 Be7 11. Ndf3 c5 12. Bd3 Qb6 13. Qd2 cxd4 14. Nxd4 Bxg5 15. Bxg5 Nxd4 16. Bxg6 Nc6 17. Bc2 Ndxe5 18. b3 Rc8 19. 0-0 Ng4 20. Rae1 0-0 21. Qd3 g6 22. Rxe6 Nge5 23. Qxd5 fxe6 24. Qxe6+ Kg7 25. Be3 Qd8 26. f4 Qd7 27. f5 Qxe6 28. fxe6 Rxf1+ 0-1

[Event "ESP-ch rapid"]
[Site "Linares"]
[Date "2017.08.13"]
[Round "6"]
[White "Cuenca Jimenez, Jose Fernando"]
[Black "Veganzonez Rojo, David"]
[Result "0-1"]
[WhiteElo "2513"]
[BlackElo "2149"]
[PlyCount "136"]
[EventDate "2017.08.13"]
[EventType "swiss (rapid)"]
[EventRounds "9"]
[EventCountry "ESP"]
[SourceTitle "CBM 179 Extra"]
[Source "ChessBase"]
[SourceDate "2017.08.23"]
[SourceVersion "1"]
[SourceVersionDate "2017.08.23"]
[SourceQuality "1"]

1. e4 e5 2. Nf3 Nc6 3. Bb5 f5 4. Nc3 fxe4 5. Nxe4 Nf6 6. Qe2 d5 7. Nxf6+ gxf6 8. d4 Bg7 9. dxe5 0-0 10. e6 Ne5 11. 0-0 c6 12. Bd3 Bxe6 13. Nd4 Bg4 14. f3 Bd7 15. Bf5 c5 16. Ne6 Bxe6 17. Bxe6+ Kh8 18. Bf5 Re8 19. f4 Nd7 20. Qh5 Nf8 21. Bd2 Qb6 22. b3 Re7 23. Kh1 Rae8 24. Bd3 Qe6 25. Rad1 Qf7 26. Qf3 f5 27. Qh3 Re4 28. Bxe4 fxe4 29. f5 Nd7 30. Bh6 Bxh6 31. Qxh6 e3 32. Rde1 d4 33. f6 Rg8 34. Qf4 Nf8 35. Qe5 Ne6 36. Re2 b6 37. Qd6 Re8 38. h3 Ng5 39. Qf4 Ne4 40. Kh2 Nc3 41. Ree1 Ne4 42. Rf3 Re6 43. Qb8+ Re8 44. Qf4 Re6 45. Ref1 Nd2 46. Re1 Nxf3+ 47. Qxf3 Rxf6 48. Qa8+ Kg7 49. Qe4 Qc7+ 50. Kg1 Qf4 51. Qxf4 Rxf4 52. Re2 Kg6 53. g3 Rf7 54. Kg2 h5 55. a3 Kg5 56. a4 a6 57. Kg1 b5 58. axb5 axb5 59. Kg2 Ra7 60. Kf3 Ra1 61. Ke4 Rd1 62. b4 Rd2 63. Re1 cxb4 64. Rb1 e2 65. Re1 b3 66. cxb3 d3 67. Rc1 Rd1 68. Rc5+ Kf6 0-1

[Event "Tres Cantos op 9th"]
[Site "Tres Cantos"]
[Date "2017.06.29"]
[Round "8"]
[White "Perez Ordonez, Jose Ramon"]
[Black "Veganzonez Rojo, David"]
[Result "0-1"]
[WhiteElo "2005"]
[BlackElo "2119"]
[PlyCount "68"]
[EventDate "2017.06.22"]
[EventType "swiss"]
[EventRounds "9"]
[EventCountry "ESP"]
[SourceTitle "EXT 2019"]
[Source "ChessBase"]
[SourceDate "2018.10.10"]
[SourceVersion "1"]
[SourceVersionDate "2018.10.10"]
[SourceQuality "1"]

1. Nf3 d5 2. c4 d4 3. e3 Nc6 4. d3 e5 5. a3 a5 6. Be2 Nf6 7. e4 Nd7 8. b3 Be7 9. Nbd2 0-0 10. h4 Nc5 11. Nf1 f5 12. exf5 e4 13. Ng5 exd3 14. Bf3 Bxg5 15. Bxg5 Qe8+ 16. Kd2 Bxf5 17. Ng3 Be4 18. Re1 Bxf3 19. Rxe8 Bxd1 20. Rxa8 Nxb3+ 21. Kxd1 Rxa8 22. Ra2 Re8 23. Bf4 Ne5 24. Bxe5 Rxe5 25. Nf1 a4 26. f3 Rc5 27. Nd2 Nxd2 28. Kxd2 Rxc4 29. Kxd3 b5 30. Re2 Kf7 31. Re5 c5 32. Ke4 Rc3 33. Kd5 d3 34. Re1 c4 0-1

[Event "Tres Cantos op 9th"]
[Site "Tres Cantos"]
[Date "2017.06.24"]
[Round "3"]
[White "Veganzonez Rojo, David"]
[Black "Lopez Mijail, Nicolas"]
[Result "1-0"]
[WhiteElo "2119"]
[BlackElo "1951"]
[PlyCount "86"]
[EventDate "2017.06.22"]
[EventType "swiss"]
[EventRounds "9"]
[EventCountry "ESP"]
[SourceTitle "EXT 2019"]
[Source "ChessBase"]
[SourceDate "2018.10.10"]
[SourceVersion "1"]
[SourceVersionDate "2018.10.10"]
[SourceQuality "1"]

1. e4 c5 2. d4 cxd4 3. c3 dxc3 4. Nxc3 Nc6 5. Nf3 e6 6. Bc4 d6 7. 0-0 Be7 8. Qe2 Nf6 9. Rd1 e5 10. Be3 0-0 11. Rac1 Ng4 12. Bc5 Be6 13. Nb5 Bxc4 14. Qxc4 dxc5 15. Rxd8 Raxd8 16. Nc3 Nf6 17. Nd5 Nxd5 18. exd5 Nd4 19. a4 Bd6 20. Ng5 b6 21. Ne4 Bb8 22. Re1 h6 23. Nc3 Rd6 24. Kf1 Rg6 25. h3 Kh8 26. Rd1 f5 27. b4 cxb4 28. Qxb4 Rc8 29. Nb5 Nxb5 30. Qxb5 Rd6 31. a5 Kh7 32. Qb1 g6 33. g4 fxg4 34. hxg4 Rc5 35. axb6 axb6 36. Qe4 Rd7 37. Qa4 b5 38. Qa8 Bd6 39. Qe8 Rcc7 40. Ra1 Kg7 41. Ra8 Kf6 42. Ra6 g5 43. Qe6+ Kg7 1-0

[Event "Madrid-chT 1617"]
[Site "Madrid"]
[Date "2017.03.19"]
[Round "14.25"]
[White "Bento Iglesias, Pablo"]
[Black "Veganzonez Rojo, David"]
[Result "1-0"]
[WhiteElo "2001"]
[BlackElo "2117"]
[PlyCount "77"]
[EventDate "2016.11.20"]
[EventType "team-tourn"]
[EventRounds "14"]
[EventCountry "ESP"]
[SourceTitle "EXT 2018"]
[Source "ChessBase"]
[SourceDate "2017.10.13"]
[SourceVersion "1"]
[SourceVersionDate "2017.10.13"]
[SourceQuality "1"]
[WhiteTeam "Blanco y Negro"]
[BlackTeam "64 Villalba"]
[WhiteTeamCountry "ESP"]
[BlackTeamCountry "ESP"]

1. e4 e5 2. Nf3 Nc6 3. Bb5 f5 4. d3 fxe4 5. dxe4 Nf6 6. Bg5 Bb4+ 7. c3 Be7 8. Nbd2 d6 9. 0-0 0-0 10. Bc4+ Kh8 11. b4 h6 12. Bxf6 Bxf6 13. Qb3 Qe8 14. h3 g5 15. Nh2 Bg7 16. g4 Ne7 17. Be6 Ng6 18. Bxc8 Rxc8 19. Nhf3 Nf4 20. Kh2 Qg6 21. Rh1 d5 22. Qc2 d4 23. c4 Ne2 24. Rae1 Nc3 25. a3 Rf4 26. Qd3 Rcf8 27. Kg3 Qf7 28. h4 gxh4+ 29. Nxh4 Rxf2 30. Nf5 Rf4 31. Nxh6 Bxh6 32. Rxh6+ Kg7 33. Reh1 Kg8 34. Rh8+ Kg7 35. R8h7+ Kg6 36. R1h6+ Kg5 37. Rh5+ Kg6 38. Rxf7 R8xf7 39. Rxe5 1-0

[Event "Madrid-chT 1617"]
[Site "Madrid"]
[Date "2017.01.22"]
[Round "6.35"]
[White "Garcia Gonzalez, Jesus"]
[Black "Veganzonez Rojo, David"]
[Result "0-1"]
[WhiteElo "2033"]
[BlackElo "2117"]
[PlyCount "52"]
[EventDate "2016.11.20"]
[EventType "team-tourn"]
[EventRounds "14"]
[EventCountry "ESP"]
[SourceTitle "EXT 2018"]
[Source "ChessBase"]
[SourceDate "2017.10.13"]
[SourceVersion "1"]
[SourceVersionDate "2017.10.13"]
[SourceQuality "1"]
[WhiteTeam "Moratalaz"]
[BlackTeam "64 Villalba"]
[WhiteTeamCountry "ESP"]
[BlackTeamCountry "ESP"]

1. d4 d5 2. Nf3 Nf6 3. Bf4 c5 4. e3 Nc6 5. c3 Qb6 6. b3 Bf5 7. Bd3 Bxd3 8. Qxd3 e6 9. h3 Be7 10. Nbd2 cxd4 11. exd4 0-0 12. 0-0 Rac8 13. Ne5 Nxe5 14. dxe5 Nd7 15. c4 Rfd8 16. cxd5 Nc5 17. Qg3 exd5 18. Bg5 Bxg5 19. Qxg5 Ne6 20. Qf5 g6 21. Qf6 Rc2 22. Nf3 d4 23. h4 h5 24. Rad1 d3 25. Nd2 Qd4 26. Rfe1 Rxa2 0-1

[Event "Collado Villalba 64 op 4th"]
[Site "Collado Villalba"]
[Date "2016.07.24"]
[Round "9"]
[White "Veganzonez Rojo, David"]
[Black "Ruperez Benito, Antonio"]
[Result "0-1"]
[WhiteElo "2145"]
[BlackElo "2270"]
[PlyCount "88"]
[EventDate "2016.07.17"]
[EventType "swiss"]
[EventRounds "9"]
[EventCountry "ESP"]
[SourceTitle "EXT 2017"]
[Source "ChessBase"]
[SourceDate "2016.10.25"]
[SourceVersion "1"]
[SourceVersionDate "2016.10.25"]
[SourceQuality "1"]

1. e4 e6 2. d4 d5 3. Nc3 Bb4 4. e5 c5 5. a3 Bxc3+ 6. bxc3 Qa5 7. Bd2 Qa4 8. Qg4 Kf8 9. Qd1 Nc6 10. Qb1 c4 11. Nh3 Nge7 12. Nf4 b6 13. Nh5 Bd7 14. h4 Rg8 15. Rh3 Ke8 16. Rf3 Kd8 17. g4 Be8 18. Bh3 Kc7 19. Ng3 Kb7 20. Re3 Bd7 21. f4 h6 22. Rf3 f6 23. g5 hxg5 24. hxg5 Raf8 25. Ke2 Rh8 26. Bg2 Be8 27. Rf2 Bg6 28. Ra2 Nf5 29. Nxf5 Bxf5 30. Bf3 Rh3 31. Bg2 Rh2 32. Kf1 fxg5 33. Kg1 Rh4 34. fxg5 Rg4 35. Qd1 Rh4 36. Qb1 Rfh8 37. Bf4 Bh3 38. Qf1 Rg4 39. Bd2 Ne7 40. Qb1 Nf5 41. Qb4 Qe8 42. Kf1 Bxg2+ 43. Rxg2 Rxg2 44. Kxg2 Qh5 0-1

[Event "Collado Villalba 64 op 4th"]
[Site "Collado Villalba"]
[Date "2016.07.23"]
[Round "7"]
[White "Veganzonez Rojo, David"]
[Black "Del Olmo Linares, Marco"]
[Result "1-0"]
[WhiteElo "2145"]
[BlackElo "1570"]
[PlyCount "33"]
[EventDate "2016.07.17"]
[EventType "swiss"]
[EventRounds "9"]
[EventCountry "ESP"]
[SourceTitle "EXT 2017"]
[Source "ChessBase"]
[SourceDate "2016.10.25"]
[SourceVersion "1"]
[SourceVersionDate "2016.10.25"]
[SourceQuality "1"]

1. d4 Nf6 2. c4 e6 3. g3 d5 4. Nf3 Be7 5. Bg2 0-0 6. 0-0 b6 7. cxd5 exd5 8. Nc3 Ba6 9. Bf4 Re8 10. Ne5 h6 11. Qa4 Qd6 12. Nxd5 b5 13. Nxe7+ Rxe7 14. Qb3 Qxd4 15. Rfd1 Qa4 16. Rd8+ Ne8 17. Rxe8+ 1-0

[Event "Barcelona Sants op 17th"]
[Site "Barcelona"]
[Date "2015.08.24"]
[Round "4"]
[White "Veganzonez Rojo, David"]
[Black "Gutierrez Clares, Joaquim"]
[Result "1/2-1/2"]
[WhiteElo "2149"]
[BlackElo "2268"]
[PlyCount "36"]
[EventDate "2015.08.21"]
[EventType "swiss"]
[EventRounds "10"]
[EventCountry "ESP"]
[SourceTitle "EXT 2016"]
[Source "ChessBase"]
[SourceDate "2015.10.08"]
[SourceVersion "1"]
[SourceVersionDate "2015.10.08"]
[SourceQuality "1"]

1. d4 Nf6 2. c4 g6 3. g3 d5 4. cxd5 Nxd5 5. Bg2 Bg7 6. Nf3 0-0 7. 0-0 Nb6 8. Nc3 Nc6 9. e3 Re8 10. a3 a5 11. Qe2 a4 12. Rd1 Na5 13. Ne5 c6 14. Bd2 Nb3 15. Rab1 Be6 16. Be1 Qc7 17. Nd3 Bf5 18. Be4 Bxe4 1/2-1/2

[Event "Barcelona Sants op 17th"]
[Site "Barcelona"]
[Date "2015.08.22"]
[Round "2"]
[White "Veganzonez Rojo, David"]
[Black "Mullon, Jean Baptiste"]
[Result "1-0"]
[WhiteElo "2149"]
[BlackElo "2402"]
[PlyCount "111"]
[EventDate "2015.08.21"]
[EventType "swiss"]
[EventRounds "10"]
[EventCountry "ESP"]
[SourceTitle "EXT 2016"]
[Source "ChessBase"]
[SourceDate "2015.10.08"]
[SourceVersion "1"]
[SourceVersionDate "2015.10.08"]
[SourceQuality "1"]

1. d4 Nf6 2. c4 g6 3. g3 Bg7 4. Bg2 0-0 5. Nc3 c6 6. e4 d6 7. Nf3 e5 8. 0-0 Nbd7 9. h3 Re8 10. Be3 exd4 11. Nxd4 Qa5 12. Re1 Ne5 13. Bf1 Be6 14. Nxe6 Rxe6 15. Kg2 Rae8 16. Rb1 Ned7 17. f3 a6 18. b4 Qc7 19. Qd2 Nh5 20. Bf2 Be5 21. Rbc1 Qb8 22. Ne2 Bg7 23. g4 Nhf6 24. Bg3 Ne5 25. Nc3 b5 26. c5 dxc5 27. bxc5 R6e7 28. f4 Rd7 29. Qc2 Nc4 30. Bxc4 bxc4 31. e5 Qd8 32. Re2 Nd5 33. Ne4 c3 34. a3 Qa5 35. Qb3 Bf8 36. Nd6 Bxd6 37. cxd6 Rxd6 38. Rce1 Rdd8 39. f5 Qb5 40. Qa2 Qc5 41. Kh1 Qd4 42. e6 fxe6 43. fxe6 Ne7 44. Kh2 Rd5 45. Rf1 Rf8 46. Qb1 Rdd8 47. Rf7 Qd1 48. Qxd1 Rxd1 49. Rxe7 Rfd8 50. Be5 R1d2 51. Rg7+ Kf8 52. e7+ Ke8 53. exd8Q+ Kxd8 54. Bf6+ Kc8 55. Rg8+ Kc7 56. Rxd2 1-0

[Event "Madrid-ch final"]
[Site "Madrid"]
[Date "2015.05.29"]
[Round "1"]
[White "Veganzonez Rojo, David"]
[Black "Martin Duque, Jesus"]
[Result "0-1"]
[WhiteElo "2136"]
[BlackElo "2394"]
[PlyCount "102"]
[EventDate "2015.05.27"]
[EventType "k.o."]
[EventRounds "4"]
[EventCountry "ESP"]
[SourceTitle "EXT 2018"]
[Source "ChessBase"]
[SourceDate "2017.10.13"]
[SourceVersion "1"]
[SourceVersionDate "2017.10.13"]
[SourceQuality "1"]

1. d4 Nf6 2. c4 c6 3. Nf3 d5 4. e3 Bf5 5. Nc3 e6 6. Nh4 Bg6 7. Be2 Nbd7 8. 0-0 Bd6 9. g3 Ne4 10. Qb3 Qc7 11. Nxe4 Bxe4 12. f3 Bg6 13. Bd2 Bh5 14. Ng2 Nf6 15. cxd5 exd5 16. Nf4 Bg6 17. Rac1 a5 18. Bd3 0-0 19. Nxg6 hxg6 20. Kg2 Rfe8 21. Rfe1 Nh5 22. f4 Nf6 23. Re2 Re7 24. Kf3 Qd7 25. Kg2 Qg4 26. Rf2 Qd7 27. Qb6 Ng4 28. Re2 Rae8 29. Rce1 Bb4 30. Bxb4 axb4 31. Qxb4 Rxe3 32. Rxe3 Rxe3 33. Rxe3 Nxe3+ 34. Kf3 Ng4 35. h3 Nf6 36. g4 b5 37. Qe1 Qa7 38. Qc3 Qxa2 39. g5 Ne4 40. Bxe4 dxe4+ 41. Kxe4 Qd5+ 42. Ke3 Qg2 43. h4 Kh7 44. Qc5 Qxb2 45. Qxc6 b4 46. d5 Qa3+ 47. Kd4 b3 48. d6 Qb4+ 49. Ke5 b2 50. d7 b1Q 51. d8Q Qf5# 0-1

[Event "Madrid-ch sf-B"]
[Site "Madrid"]
[Date "2015.03.21"]
[Round "7"]
[White "Veganzonez Rojo, David"]
[Black "Perez de Aranda, Leonardo Ivan"]
[Result "1-0"]
[WhiteElo "2070"]
[BlackElo "2094"]
[PlyCount "73"]
[EventDate "2015.03.05"]
[EventType "swiss"]
[EventRounds "9"]
[EventCountry "ESP"]
[SourceTitle "CBM 165 Extra"]
[Source "ChessBase"]
[SourceDate "2015.04.21"]
[SourceVersion "1"]
[SourceVersionDate "2015.04.21"]
[SourceQuality "1"]

1. d4 d5 2. c4 dxc4 3. e3 e5 4. Bxc4 Nc6 5. d5 Na5 6. Qa4+ c6 7. dxc6 Nxc6 8. Nf3 Bd6 9. Nc3 Nf6 10. e4 h6 11. 0-0 0-0 12. h3 Bc5 13. Bd5 Qe7 14. Bxc6 bxc6 15. Rd1 g5 16. Qc2 g4 17. Na4 gxf3 18. Qxc5 Qxc5 19. Nxc5 Kg7 20. Rd6 fxg2 21. Kxg2 Rg8 22. Kh2 Rb8 23. Be3 Be6 24. b3 Rge8 25. f4 exf4 26. Bd4 Rbd8 27. Rg1+ Kf8 28. Rxd8 Ng4+ 29. hxg4 Rxd8 30. Nxe6+ fxe6 31. Be5 f3 32. Kg3 Rd2 33. Kxf3 Rxa2 34. Ra1 Rd2 35. Rxa7 Rd3+ 36. Kf4 Rxb3 37. Bg7+ 1-0

[Event "Madrid-ch sf-B"]
[Site "Madrid"]
[Date "2015.03.06"]
[Round "2"]
[White "De Dompablo Fantova, Juan"]
[Black "Veganzonez Rojo, David"]
[Result "0-1"]
[WhiteElo "1722"]
[BlackElo "2070"]
[PlyCount "59"]
[EventDate "2015.03.05"]
[EventType "swiss"]
[EventRounds "9"]
[EventCountry "ESP"]
[SourceTitle "CBM 165 Extra"]
[Source "ChessBase"]
[SourceDate "2015.04.21"]
[SourceVersion "1"]
[SourceVersionDate "2015.04.21"]
[SourceQuality "1"]

1. e4 c6 2. d4 d5 3. exd5 cxd5 4. Bd3 Nc6 5. c3 Qc7 6. Nf3 Bg4 7. 0-0 e6 8. Be3 Bd6 9. h3 Bh5 10. Nbd2 Nge7 11. Qc2 Bg6 12. b4 Nxb4 13. Qa4+ Nbc6 14. Bxg6 hxg6 15. Rfe1 0-0 16. Nf1 Na5 17. Rac1 Rfc8 18. Ng5 Nc4 19. Qd1 Nf5 20. Qg4 Ncxe3 21. fxe3 Be7 22. e4 Bxg5 23. Qxg5 dxe4 24. Rxe4 Qd8 25. Qg4 Rc6 26. Nh2 Rac8 27. Qf3 Qd5 28. Qd3 Qxa2 29. Nf3 Qa3 30. Ng5 0-1

[Event "Cambados op 23rd"]
[Site "Cambados"]
[Date "2007.08.07"]
[Round "6"]
[White "Veganzonez Rojo, David"]
[Black "Perez Fungueiro, Manuel Antonio"]
[Result "1/2-1/2"]
[WhiteElo "2104"]
[BlackElo "2234"]
[PlyCount "106"]
[EventDate "2007.08.02"]
[EventType "swiss"]
[EventRounds "9"]
[EventCountry "ESP"]
[SourceTitle "CBM 119 Extra"]
[Source "ChessBase"]
[SourceDate "2007.09.04"]
[SourceVersion "1"]
[SourceVersionDate "2007.09.04"]
[SourceQuality "1"]

1. d4 Nf6 2. c4 c5 3. d5 b5 4. f3 bxc4 5. e4 e6 6. Nc3 Bb7 7. Bxc4 exd5 8. Nxd5 Nxd5 9. Bxd5 Bxd5 10. Qxd5 Nc6 11. Ne2 Nb4 12. Qc4 Qh4+ 13. g3 Qf6 14. 0-0 Qe6 15. b3 Rb8 16. Bf4 Qxc4 17. bxc4 Rb6 18. Rab1 Ra6 19. Nc3 Be7 20. Rfd1 g5 21. Be3 Ra3 22. Rb3 Rxb3 23. axb3 Nc2 24. Nd5 Nxe3 25. Nxe3 Bf6 26. Nf5 Kd8 27. Rd5 Kc7 28. Rxc5+ Kb6 29. Rd5 Kc7 30. e5 Bd8 31. Nd4 a6 32. Nf5 Re8 33. Nd6 Rf8 34. Ne4 Be7 35. Nc5 Bxc5+ 36. Rxc5+ Kb6 37. Rd5 Kc7 38. b4 Rb8 39. Rc5+ Kd8 40. b5 axb5 41. cxb5 Ra8 42. Kf2 Ra2+ 43. Ke3 Rxh2 44. Ke4 h5 45. Kf5 h4 46. gxh4 gxh4 47. Kg4 h3 48. Kg3 Rh1 49. f4 Rf1 50. Rc4 Rb1 51. Kxh3 Rxb5 52. Kg4 Ke7 53. Rd4 f6 1/2-1/2

[Event "Cambados op 23rd"]
[Site "Cambados"]
[Date "2007.08.03"]
[Round "2"]
[White "Rodriguez Lopez, Rafael"]
[Black "Veganzonez Rojo, David"]
[Result "1-0"]
[WhiteElo "2292"]
[BlackElo "2104"]
[PlyCount "31"]
[EventDate "2007.08.02"]
[EventType "swiss"]
[EventRounds "9"]
[EventCountry "ESP"]
[SourceTitle "CBM 119 Extra"]
[Source "ChessBase"]
[SourceDate "2007.09.04"]
[SourceVersion "1"]
[SourceVersionDate "2007.09.04"]
[SourceQuality "1"]

1. d4 d5 2. Nf3 Nf6 3. c4 c6 4. e3 Bg4 5. h3 Bxf3 6. Qxf3 e6 7. Nc3 Nbd7 8. Bd3 Bd6 9. 0-0 0-0 10. b3 Re8 11. Bb2 e5 12. cxd5 cxd5 13. dxe5 Nxe5 14. Qd1 Nxd3 15. Qxd3 Rc8 16. Rfd1 1-0

[Event "ESP-ch op"]
[Site "Leon"]
[Date "2006.11.30"]
[Round "9"]
[White "Veganzonez Rojo, David"]
[Black "Varela Mourin, Jesus"]
[Result "0-1"]
[WhiteElo "2080"]
[BlackElo "2182"]
[PlyCount "106"]
[EventDate "2006.11.22"]
[EventType "swiss"]
[EventRounds "9"]
[EventCountry "ESP"]
[SourceTitle "CBM 115 Extra"]
[Source "ChessBase"]
[SourceDate "2007.01.10"]
[SourceVersion "1"]
[SourceVersionDate "2007.01.10"]
[SourceQuality "1"]

1. d4 d6 2. Nf3 g6 3. c4 Bg7 4. Nc3 Nd7 5. e4 e5 6. Be2 Nh6 7. 0-0 0-0 8. Re1 c6 9. Bf1 f6 10. Rb1 Nf7 11. b4 f5 12. exf5 gxf5 13. dxe5 dxe5 14. Qc2 e4 15. Nd2 Nde5 16. Nb3 Qf6 17. Nd1 Kh8 18. Bf4 Ng6 19. Bd2 Nfe5 20. Qc1 f4 21. Nc5 e3 22. fxe3 f3 23. Ne4 Qh4 24. Ndf2 fxg2 25. Bxg2 Nf3+ 26. Bxf3 Rxf3 27. Qd1 Ne5 28. Bc3 Rf8 29. Kh1 Bf5 30. Qd4 Rad8 31. Qxe5 Bxe5 32. Bxe5+ Kg8 33. Rg1+ Kf7 34. Rg7+ Ke6 35. Bf4 Bxe4+ 36. Nxe4 Rxf4 37. exf4 h6 38. Rf1 Rf8 39. Nc5+ Kf5 40. Rxb7 Qh3 41. Rf2 Rd8 42. Rf7+ Kg6 43. Rd7 Rxd7 44. Nxd7 Qxd7 45. b5 cxb5 46. f5+ Kf6 47. cxb5 Qxb5 48. Kg2 Qc4 49. h3 h5 50. a3 h4 51. Rf3 Qa2+ 52. Kg1 Qe2 53. Rf2 Qe3 0-1

[Event "ESP-ch op"]
[Site "Leon"]
[Date "2006.11.28"]
[Round "7"]
[White "Recuero Guerra, David"]
[Black "Veganzonez Rojo, David"]
[Result "1-0"]
[WhiteElo "2350"]
[BlackElo "2080"]
[PlyCount "77"]
[EventDate "2006.11.22"]
[EventType "swiss"]
[EventRounds "9"]
[EventCountry "ESP"]
[SourceTitle "CBM 115 Extra"]
[Source "ChessBase"]
[SourceDate "2007.01.10"]
[SourceVersion "1"]
[SourceVersionDate "2007.01.10"]
[SourceQuality "1"]

1. e4 c6 2. d4 d5 3. Nc3 dxe4 4. Nxe4 Nd7 5. Ng5 Ngf6 6. Bd3 e6 7. Qe2 Bd6 8. N1f3 h6 9. Ne4 Nxe4 10. Qxe4 Qc7 11. Bd2 b6 12. Qe2 Bb7 13. c4 0-0 14. 0-0-0 c5 15. Kb1 Rfe8 16. Bc3 Rad8 17. Rhe1 Qb8 18. Bc2 Nf8 19. dxc5 bxc5 20. Ne5 Qc7 21. g3 Be7 22. Rxd8 Rxd8 23. Ng4 f6 24. Ne3 Qc6 25. Nf5 exf5 26. Qxe7 Rd7 27. Qe3 g6 28. h4 h5 29. b3 Kg7 30. Qe8 Qc7 31. Bxf6+ Kxf6 32. Qxf8+ Rf7 33. Qh8+ Rg7 34. Re8 Be4 35. Bxe4 fxe4 36. Rxe4 Qd7 37. Qf8+ Rf7 38. Rf4+ Ke6 39. Qxf7+ 1-0